000
00243nam a2200097Ia 4500
008
240331s9999 xx 000 0 und d
082
_b
CHA
100
_a
Chakravarthy,U
245
0
_a
Saathiyum paalnilaipaagupaadum :
_b
penniya P paarvai
942
_c
L
999
_c
3574
_d
3574